000
00272nam a2200121Ia 4500
008
190216s9999||||xx |||||||||||||| ||und||
100
_a
Null
245
0
_a
Hindi-Sandarshan Ki Madurai
260
_b
Publications Division
300
_a
250
650
_a
Hindi
942
_c
BK
999
_c
15838
_d
15838